The ant and The pigeon
Wedi'i Gadw mewn:
| Prif Awdur: | |
|---|---|
| Fformat: | Llyfr |
| Iaith: | Undetermined |
| Cyhoeddwyd: |
Đà Nẵng
Đà Nẵng
|
| Pynciau: | |
| Tagiau: |
Ychwanegu Tag
Dim Tagiau, Byddwch y cyntaf i dagio'r cofnod hwn!
|
| Thư viện lưu trữ: | Trung tâm Học liệu Trường Đại học Cần Thơ |
|---|
| LEADER | 00506nam a2200193Ia 4500 | ||
|---|---|---|---|
| 001 | CTU_93542 | ||
| 008 | 210402s9999 xx 000 0 und d | ||
| 020 | |c 15000 | ||
| 082 | |a 428.64 | ||
| 082 | |b T654 | ||
| 100 | |a Tolstoy, Lev | ||
| 245 | 4 | |a The ant and The pigeon | |
| 245 | 0 | |c Lev Tolstoy | |
| 260 | |a Đà Nẵng | ||
| 260 | |b Đà Nẵng | ||
| 650 | |a Language,English language | ||
| 650 | |x For foreigners | ||
| 904 | |i Mai Loan | ||
| 980 | |a Trung tâm Học liệu Trường Đại học Cần Thơ | ||